Länder und Hauptstädte - Gleiche Anfangsbuchstaben - Statistiken

Allgemein
  • Dieses Quiz wurde 1.155 mal gespielt
    1.153 seit der letzten Aktualisierung
  • Das Durchschnittsergebnis liegt bei 39 aus 58
Antwortstatistiken
% Korrekt
Länder Brasilien
88%
Länder Mexiko
88%
Hauptstädte Mexiko-Stadt
87%
Länder Algerien
85%
Länder Schweden
85%
Länder Belgien
84%
Hauptstädte Brasilia
84%
Länder Andorra
82%
Länder Luxemburg
82%
Hauptstädte Luxemburg
82%
Länder Panama
82%
Hauptstädte Panama-Stadt
82%
Hauptstädte Algier
81%
Länder Tunesien
81%
Hauptstädte Brüssel
80%
Länder Monaco
80%
Hauptstädte Monaco
80%
Hauptstädte Stockholm
80%
Länder Guatemala
79%
Hauptstädte Guatemala-Stadt
79%
Hauptstädte Tunis
79%
Länder Vatikanstadt
79%
Hauptstädte Vatikanstadt
79%
Länder San Marino
78%
Hauptstädte San Marino
78%
Hauptstädte Andorra la Vella
75%
Länder Singapur
72%
Hauptstädte Singapur
72%
Länder Dschibuti
71%
Hauptstädte Dschibuti-Stadt
71%
Länder Kuwait
71%
Hauptstädte Kuwait-Stadt
71%
Hauptstädte Male
66%
Länder Malediven
65%
Länder Belize
64%
Länder Südkorea
64%
Länder Brunei
62%
Hauptstädte Seoul
62%
Länder Niger
61%
Länder Taiwan
61%
Hauptstädte Belmopan
60%
Hauptstädte Sao Tome
59%
Länder Sao Tome und Principe
59%
Hauptstädte Taipeh
58%
Länder Mosambik
57%
Länder Barbados
52%
Hauptstädte Maputo
52%
Länder Papua-Neuguinea
52%
Hauptstädte Niamey
51%
Länder Guyana
50%
Hauptstädte Georgetown
48%
Hauptstädte Bridgetown
47%
Länder Marshallinseln
47%
Hauptstädte Port Moresby
47%
Hauptstädte Bandar Seri Begawan
42%
Länder Burundi
42%
Hauptstädte Majuro
39%
Hauptstädte Bujumbura
28%
Keine übereinstimmenden Quizze gefunden
Verteilung der Resultate
Anzahl Personen mit jedem Resultat
Perzentil nach korrekt beantworteten Fragen
Ihre Resultats-Entwicklung
Sie haben dieses Quiz seit der letzten Aktualisierung nicht gespielt